Eastern Utah Libraries Catalog: Duchesne, Heber, Roosevelt, & Vernal

Storm watch / (Record no. 380332)

MARC details
000 -LEADER
fixed length control field 02153nam a22003498i 4500
001 - CONTROL NUMBER
control field BK0029657168
005 - DATE AND TIME OF LATEST TRANSACTION
control field 20230119151847.0
008 - FIXED-LENGTH DATA ELEMENTS--GENERAL INFORMATION
fixed length control field 221117s2023 nyu 000 1 eng d
010 ## - LIBRARY OF CONGRESS CONTROL NUMBER
LC control number bl2022036960
020 ## - INTERNATIONAL STANDARD BOOK NUMBER
International Standard Book Number 9780593331309 : HRD
Terms of availability 29.00
020 ## - INTERNATIONAL STANDARD BOOK NUMBER
International Standard Book Number 0593331303 : HRD
Terms of availability 29.00
Qualifying information hc.
037 ## - SOURCE OF ACQUISITION
Source of stock number/acquisition Penguin Group USA, Attn: Order Processing 405 Murray Hill Pkwy, East Rutherford, NJ, USA, 07073-2136
Note SAN 201-3975
040 ## - CATALOGING SOURCE
Original cataloging agency NjBwBT
Language of cataloging eng
Transcribing agency NjBwBT
Description conventions rda
050 14 - LIBRARY OF CONGRESS CALL NUMBER
Classification number PS3552.O87658
Item number S79 2023
082 04 - DEWEY DECIMAL CLASSIFICATION NUMBER
Classification number 813/.54
Edition number 23/eng/20221117
092 ## - LOCALLY ASSIGNED DEWEY CALL NUMBER (OCLC)
Classification number 813.5400
100 1# - MAIN ENTRY--PERSONAL NAME
Personal name Box, C. J.,
Relator term author.
9 (RLIN) 64725
245 10 - TITLE STATEMENT
Title Storm watch /
Statement of responsibility, etc C.J. Box.
264 #1 - Production, Publication, Distribution, Manufacture, and Copyright Notice.
Place of production, publication, distribution, manufacture New York :
Name of producer, publisher, distributor, manufacturer G.P. Putnam's Sons,
Date of production, publication, distribution, manufacture, or copyr 2023.
300 ## - PHYSICAL DESCRIPTION
Extent pages cm.
336 ## - Content Type
Content type term text
337 ## - Media type
Media type term unmediated
338 ## - Carrier type
Carrier type term volume
490 1# - SERIES STATEMENT
Series statement A Joe Pickett novel
520 ## - SUMMARY, ETC.
Summary, etc "When a prominent University of Wyoming professor goes missing, authorities are stumped. That is, until Joe Pickett makes two surprising discoveries while hunting down a wounded elk on his district as an epic spring storm descends upon him. First, he finds the professor's vehicle parked on a remote mountainside. Then Joe finds the professor's frozen and mutilated body. When he attempts to learn more, his investigation is obstructed by federal agents, extremists, and Governor Colter Allen. Nate Romanowskiis rebuilding his falconry company--and financing this through crypto mining with the assistance of Geronimo Jones. He's then approached by a shadowy group of local militant activists that is gaining in power and influence, and demanding that Wyoming joinother western states and secede from the union--by force, if necessary. They ask Nate to throw in with them, but he's wary. Should he trust them, or is he being set up?"--
-- Provided by publisher.
600 10 - SUBJECT ADDED ENTRY--PERSONAL NAME
Personal name Pickett, Joe
Titles and other words associated with a name (Fictitious character)
Form subdivision Fiction.
9 (RLIN) 5742998
650 #0 - SUBJECT ADDED ENTRY--TOPICAL TERM
Topical term or geographic name as entry element Murder
General subdivision Investigation
Form subdivision Fiction.
9 (RLIN) 5673630
651 #0 - SUBJECT ADDED ENTRY--GEOGRAPHIC NAME
Geographic name Wyoming
Form subdivision Fiction.
9 (RLIN) 5675113
655 #7 - INDEX TERM--GENRE/FORM
Genre/form data or focus term Thrillers (Fiction)
Source of term lcgft
9 (RLIN) 5697221
655 #7 - INDEX TERM--GENRE/FORM
Genre/form data or focus term Novels.
Source of term lcgft
800 1# - SERIES ADDED ENTRY--PERSONAL NAME
Personal name Box, C. J.
Title of a work Joe Pickett novel.
9 (RLIN) 5814202
Holdings
Withdrawn status Lost status Source of classification or shelving scheme Damaged status Not for loan Collection code Home library Current library Shelving location Date acquired Source of acquisition Total Checkouts Total Renewals Full call number Barcode Checked out Date last seen Date checked out Cost, replacement price Price effective from Koha item type
    Dewey Decimal Classification     Fiction Wasatch County Library Wasatch County Library First Floor 05/03/2023 Donation 16 14 F Box 34301001879438 03/27/2026 03/06/2026 03/06/2026 29.00 05/03/2023 BOOK
This project was made possible through a grant from the Institute of Museum and Library Service administered by the Utah State Library Division.

Wasatch County Library

  • 465 East 1200 South, Heber City, Utah 84032
  • Phone 435-654-1511 | Fax 435-654-6456

Hours

  • Monday - Friday 9:30 AM - 8:00 PM
  • Saturday 9:30 AM - 1:30 PM
  • Closed Sundays and Holidays